বাংলাদেশের ফুলের রাজ্যে / (Record no. 39265)
[ view plain ]
| 000 -LEADER | |
|---|---|
| fixed length control field | 00850nam a2200229 4500 |
| 001 - CONTROL NUMBER | |
| control field | 39265 |
| 003 - CONTROL NUMBER IDENTIFIER | |
| rucl marc code | BD-RjUL |
| 005 - DATE AND TIME OF LATEST TRANSACTION | |
| control field | 20211209052944.0 |
| 008 - FIXED-LENGTH DATA ELEMENTS--GENERAL INFORMATION | |
| fixed length control field | 160406b bg||||| |||| 00| 0 ben d |
| 020 ## - INTERNATIONAL STANDARD BOOK NUMBER | |
| International Standard Book Number | 9840850704 |
| Terms of availability | : Tk. 1200.00 |
| 035 ## - SYSTEM CONTROL NUMBER | |
| System control number | (BD-RjUL)39378 |
| 040 ## - CATALOGING SOURCE | |
| Original cataloging agency | BD-RjUL |
| Language of cataloging | ben |
| Transcribing agency | BD-RjUL |
| 041 ## - LANGUAGE CODE | |
| Language code of text/sound track or separate title | ben |
| 082 ## - DEWEY DECIMAL CLASSIFICATION NUMBER | |
| Edition number | 23 |
| Classification number | 582.13095492 |
| Author mark and year | JAB 2011 |
| 100 ## - MAIN ENTRY--PERSONAL NAME | |
| Personal name | জাহান, এন. এস. নওরোজ |
| 9 (RLIN) | 121075 |
| 245 ## - TITLE STATEMENT | |
| Title | বাংলাদেশের ফুলের রাজ্যে / |
| Statement of responsibility, etc. | এন. এস. নওরোজ জাহান |
| 260 ## - PUBLICATION, DISTRIBUTION, ETC. (IMPRINT) | |
| Place of publication, distribution, etc. | ঢাকা : |
| Name of publisher, distributor, etc. | বাংলা একাডেমী, |
| Date of publication, distribution, etc. | ২০১১ |
| 300 ## - PHYSICAL DESCRIPTION | |
| Pagination | [৮], ২২৪ পৃ.: |
| Illustrations | চিত্র; |
| Size | ২৫ সেমি. |
| 650 ## - SUBJECT ADDED ENTRY--TOPICAL TERM | |
| Topical term or geographic name as entry element | Flowers -- Bangladesh. |
| 9 (RLIN) | 121076 |
| Topical term or geographic name as entry element | ফুল - বাংলাদেশ . |
| 9 (RLIN) | 121077 |
| 942 ## - ADDED ENTRY ELEMENTS (KOHA) | |
| Source of classification or shelving scheme | Dewey Decimal Classification |
| Koha item type | Books |
| Lost status | Source of classification or shelving scheme | Damaged status | Not for loan | Collection code | Permanent Location | Current Location | Shelving location | Date acquired | Source of acquisition | Cost, normal purchase price | Total Checkouts | Full call number | Date last seen | Copy number | Koha item type | Total Renewals | Date checked out |
|---|---|---|---|---|---|---|---|---|---|---|---|---|---|---|---|---|---|
| Dewey Decimal Classification | Not For Loan | Non-fiction | Central Library, University of Rajshahi | Central Library, University of Rajshahi | Reading Room | 13/01/2016 | Rajshahi Biddashagor | 1200.00 | B 582.13095492 JAB 2011 | 06/04/2016 | C-1 | Books | |||||
| Dewey Decimal Classification | Non-fiction | Central Library, University of Rajshahi | Central Library, University of Rajshahi | 13/01/2016 | Rajshahi Biddashagor | 1200.00 | 3 | B 582.13095492 JAB 2011 | 22/01/2020 | C-2 | Books | 1 | 31/12/2019 | ||||
| Dewey Decimal Classification | Non-fiction | Central Library, University of Rajshahi | Central Library, University of Rajshahi | 13/01/2016 | Rajshahi Biddashagor | 1200.00 | B 582.13095492 JAB 2011 | 06/04/2016 | C-3 | Books |